An Introduction to Syntax (0 521 63566 7)

Guardat en:
Dades bibliogràfiques
Autor principal: ROBERT D VAN VALIN
Format: Llibre
Idioma:Undetermined
Publicat: Cambridge 2001
Etiquetes: Afegir etiqueta
Sense etiquetes, Sigues el primer a etiquetar aquest registre!
Thư viện lưu trữ: Trung tâm Học liệu Trường Đại học Cần Thơ
LEADER 00400nam a2200145Ia 4500
001 CTU_49173
008 210402s9999 xx 000 0 und d
082 |a 415 
082 |b V173 
100 |a ROBERT D VAN VALIN 
245 3 |a An Introduction to Syntax (0 521 63566 7) 
245 0 |c ROBERT D VAN VALIN 
260 |b Cambridge 
260 |c 2001 
980 |a Trung tâm Học liệu Trường Đại học Cần Thơ